Geography Quiz

Random Geography or City Quiz
Score 0/20 Timer 06:00
0 Plays Today
km City % Correct
15Shqupi - Скопље - Skopje
93.8%
175Beogradi - Беoград - Belgrade
92.9%
88Tiranë - Тирана - Tirana
91.5%
68Podgorica - Подгорица
88.4%
178Sarajeva - Сарајево - Sarajevo
87%
126Sofja - Софија - Sofia
85.6%
62Nishi - Ниш - Niš
72%
234Novi Sad - Нови Сад
71.5%
212Selaniku - Солун - Thessaloniki
71.2%
303Spli - Сплит
66.4%
km City % Correct
113Durrës - Драч
65.8%
250Plovdiv - Пловдив
60.2%
318Banja Luka - Бања Лука
52.8%
278Timishoara - Темишвар - Timișoara
44.1%
83Kragujevac - Крагујевац - Kragujevac
43.8%
310Bari - Бари
43.5%
286Larisa - Лариса - Larissa
30.8%
245Craiova - Крајова
28.2%
245Pleven - Плевен
18.9%
321Taranto - Таранто
17.5%

You're not logged in!

Compare scores with friends on all Sporcle quizzes.
OR
Log In

Sporcle TV

Today on Sporcle TV


Watch our educational content, quiz creation guides, and fun videos on Sporcle TV.

Show Comments

Extras

Top Quizzes Today


Score Distribution

Paid Content

Your Account Isn't Verified!

In order to create a playlist on Sporcle, you need to verify the email address you used during registration. Go to your Sporcle Settings to finish the process.

Report this User

Report this user for behavior that violates our Community Guidelines.

Details: